| Tag |
First Indicator |
Second Indicator |
Subfields |
| LEADER |
00000cam a2200000 4500 |
| 001 |
in00000058627 |
| 005 |
20151008050441.0 |
| 008 |
720815s1916 mau 00000 eng u |
| 010 |
|
|
|a 16006214
|
| 035 |
|
|
|a (OCoLC)00382097
|
| 035 |
|
|
|9 AAG1120AM
|
| 040 |
|
|
|c KSU
|d TXA
|d UtOrBLW
|
| 049 |
|
|
|a TXAM
|c [6479]
|
| 050 |
|
0 |
|a E713
|b .U85
|
| 092 |
|
|
|a 327.73
|b U85
|
| 100 |
1 |
|
|a Usher, Roland G.
|q (Roland Greene),
|d 1880-
|
| 245 |
1 |
4 |
|a The challenge of the future ;
|b a study in American foreign policy /
|c by Roland G. Usher ...
|
| 264 |
|
1 |
|a Boston,
|a New York :
|b Houghton Mifflin company,
|c 1916.
|
| 300 |
|
|
|a xx, 349 pages ;
|c 21 cm.
|
| 336 |
|
|
|a text
|b txt
|2 rdacontent
|
| 337 |
|
|
|a unmediated
|b n
|2 rdamedia
|
| 338 |
|
|
|a volume
|b nc
|2 rdacarrier
|
| 651 |
|
0 |
|a United States
|x Foreign relations.
|
| 651 |
|
0 |
|a United States
|x Economic policy.
|
| 651 |
|
0 |
|a United States
|x Defenses.
|
| 999 |
|
|
|a MARS
|
| 999 |
f |
f |
|s 50f57c7c-56c8-3494-9e65-10bd11cc6d41
|i dcafd70b-3d46-3d2d-89aa-7b4d446fa2db
|t 0
|
| 952 |
f |
f |
|p ric
|a Texas A&M University
|b Rellis Campus
|c Joint Library Facility
|d Remote Storage
|t 0
|e E713 .U85
|h Library of Congress classification
|i unmediated -- volume
|m A14800679995
|
| 998 |
f |
f |
|a E713 .U85
|t 0
|l Remote Storage
|